[Event "III C.to Mondiale a squadre U26"]
[Site "Graz AUT"]
[Date "1981.08.27"]
[Round "10.1"]
[White "Klaric, Zlatko"]
[Black "Messa, Roberto"]
[WhiteElo "2450"]
[BlackElo "2290"]
[Result "1-0"]
[Annotator "ITA-YUG"]
[PlyCount "75"]
[EventDate "1981.08.16"]

1. d4 Nf6 2. c3 e6 3. Bg5 c5 4. e3 b6 5. f4 Bb7 6. Nd2 h6 7. Bh4 Be7 8. Ngf3 d6
9. Bxf6 Bxf6 10. Bb5+ Nc6 11. Nc4 Be7 12. dxc5 bxc5 13. Qa4 Qc7 14. Na5 Rc8 15.
Nxb7 Qxb7 16. Ba6 Qxb2 17. O-O O-O 18. Bxc8 Rxc8 19. Qa6 Rc7 20. Rfc1 Nb8 21.
Qa4 Nd7 22. Qb3 Rb7 23. Qxb2 Rxb2 24. Rab1 Rxb1 25. Rxb1 Nb6 26. Nd2 c4 27. Rb5
d5 28. Kf1 Kf8 29. a4 Ke8 30. a5 Na4 31. Rb8+ Bd8 32. Nf3 Kd7 33. Ra8 Nxc3 34.
Ne5+ Kc7 35. Rxa7+ Kc8 36. a6 Nb5 37. Ra8+ Kc7 38. a7 1-0

[Event "III C.to Mondiale a squadre U26"]
[Site "Graz AUT"]
[Date "1981.08.27"]
[Round "10.2"]
[White "Iannaccone, Ernesto"]
[Black "Dizdar, Goran"]
[WhiteElo "2295"]
[BlackElo "2415"]
[Result "1/2-1/2"]
[Annotator "ITA-YUG"]
[PlyCount "124"]
[EventDate "1981.08.16"]

1. Nf3 Nf6 2. c4 e6 3. Nc3 Bb4 4. Qc2 b6 5. g3 Bb7 6. Bg2 O-O 7. O-O d5 8. cxd5
exd5 9. d4 Re8 10. Bg5 Nbd7 11. Rac1 a6 12. Rfd1 h6 13. Bxf6 Nxf6 14. a3 Bd6
15. e3 Qe7 16. b4 Rad8 17. Qb3 g6 18. Qc2 Kg7 19. Na4 Ne4 20. Nc5 Bc8 21. Nxe4
dxe4 22. Nd2 Bb7 23. Nc4 Rc8 24. Nxd6 cxd6 25. Qb2 Bd5 26. Rxc8 Rxc8 27. Rc1
Qd7 28. Rc2 Kf6 29. Bf1 b5 30. Qc1 Rxc2 31. Qxc2 Ke7 32. h4 f6 33. Bg2 Qb7 34.
Bf1 Kd7 35. Be2 Qc6 36. Qxc6+ Kxc6 37. Bd1 Bc4 38. f3 Kd5 39. Kf2 Bd3 40. fxe4+
Bxe4 41. Bb3+ Kc6 42. Ke2 Kd7 43. Kd2 g5 44. Ke2 Ke7 45. Ba2 Kd7 46. Bb3 Ke7
47. Ba2 d5 48. Bb3 Ke6 49. Kf2 Kf5 50. hxg5 fxg5 51. Bd1 g4 52. a4 Bd3 53. axb5
Bxb5 54. Bc2+ Kg5 55. e4 dxe4 56. Bxe4 h5 57. Ke3 h4 58. gxh4+ Kxh4 59. Kf4 g3
60. Bg2 Bd7 61. d5 Bh3 62. d6 Bd7 1/2-1/2

[Event "III C.to Mondiale a squadre U26"]
[Site "Graz AUT"]
[Date "1981.08.27"]
[Round "10.3"]
[White "Filipovic, Branko"]
[Black "Trabattoni, Franco"]
[WhiteElo "2330"]
[BlackElo "2310"]
[Result "1-0"]
[Annotator "ITA-YUG"]
[PlyCount "123"]
[EventDate "1981.08.16"]

1. e4 c5 2. Nf3 d6 3. d4 cxd4 4. Qxd4 Bd7 5. c4 Nc6 6. Qd1 g6 7. Be2 Bg7 8. O-O
Nf6 9. Nc3 O-O 10. h3 Ne8 11. Be3 Qa5 12. Rc1 Bxc3 13. Rxc3 Qxa2 14. Qd2 Qa5
15. c5 Nf6 16. Bd3 d5 17. e5 Nh5 18. Bd4 Nxd4 19. Nxd4 Qb4 20. Bb1 Rac8 21. Qe3
Ng7 22. Rb3 Qxc5 23. Rxb7 Rc7 24. b4 Qc4 25. Bd3 Qc3 26. Ne2 Qc6 27. Rxa7 Rxa7
28. Qxa7 Ra8 29. Qd4 Bf5 30. Rc1 Qb7 31. Nf4 Ne6 32. Nxe6 Bxe6 33. b5 Rb8 34.
h4 Qb6 35. Qf4 Bd7 36. h5 Qe6 37. h6 Qg4 38. Qxg4 Bxg4 39. Rc7 Kf8 40. f3 Be6
41. Kf2 Ke8 42. Ke3 Ra8 43. Kd4 Ra4+ 44. Kc5 Ra3 45. Bc2 Kd8 46. Kb6 d4 47. Ra7
Rc3 48. Ra8+ Kd7 49. Ra7+ Kd8 50. Be4 d3 51. Ra8+ Bc8 52. Ra4 Kd7 53. Rd4+ Ke6
54. Rxd3 Rc1 55. f4 f6 56. Bxg6 fxe5 57. Bxh7 Rh1 58. Rh3 Rxh3 59. gxh3 Kf7 60.
Kc7 Bxh3 61. Be4 Bf1 62. b6 1-0

[Event "III C.to Mondiale a squadre U26"]
[Site "Graz AUT"]
[Date "1981.08.27"]
[Round "10.4"]
[White "Vallifuoco, Giovanni"]
[Black "Polajzer, Danilo"]
[WhiteElo "2320"]
[BlackElo "2315"]
[Result "0-1"]
[Annotator "ITA-YUG"]
[PlyCount "62"]
[EventDate "1981.08.16"]

1. d4 Nf6 2. c4 e6 3. Nf3 b6 4. Nc3 Bb7 5. a3 d5 6. cxd5 Nxd5 7. e3 Be7 8. Bb5+
c6 9. Bd3 Nxc3 10. bxc3 c5 11. O-O O-O 12. Qc2 g6 13. e4 Nc6 14. Bh6 Re8 15.
Rad1 cxd4 16. cxd4 Qd6 17. d5 Ne5 18. Nxe5 Qxe5 19. dxe6 Qxe6 20. f3 g5 21. Bb5
Rec8 22. Bd7 Rxc2 23. Bxe6 fxe6 24. Rd7 Bc5+ 25. Kh1 Bc6 26. Rg7+ Kh8 27. Rc7
Bd6 28. Rf7 Rg8 29. g3 Rg6 30. Rd1 Rxh6 31. Rxd6 Rhxh2+ 0-1